00209nam a2200085Ia 4500008004100000100002500041245003300066260001500099260000900114170617s9999 xx 000 0 und d aKokate- Chandra Kant 0aPharmaceutical Biotechnology bNirali Pub c2007